Famous Margarets/Maggies - Statistics

General Stats
  • This quiz has been taken 17 times
  • The average score is 5 of 15
Answer Stats
Hint Answer % Correct
The first British prime minister with a science degree Margaret Thatcher
93%
She shot Mr Burns! Maggie Simpson
67%
British actor, star of Downton Abbey Maggie Smith
67%
Portrayed the Wicked Witch of the West Margaret Hamilton
53%
Asian American comedian, actress, singer and activist Margaret Cho
47%
Founder of the birth control movement Margaret Sanger
47%
Canadian author of 'The Handmaid's Tale' Margaret Atwood
40%
Australian former number 1 tennis player Margaret Court
27%
"The Unsinkable Molly" Titanic survivor Margaret Brown
20%
American anthropologist, helped write the Episcopal Book of Common Prayer Margaret Mead
20%
Founder of the Kalmar Union Margaret of {Denmark}
13%
"The real life Lorax", pioneer of forest canopy research Margaret D. Lowman
7%
Author of 'A Summer Birdcage' Margaret Drabble
7%
Mother of Henry of Bourbon Marguerite de Navarre
7%
'The God Warrior' from Trading Spouses Marguerite Perrin
7%
No matching quizzes found
Score Distribution
Percent of People with Each Score
Percentile by Number Answered
Your Score History
You have not taken this quiz